Statistics for Mediterranean Cities by Map

Click here to take the quiz!

General Stats

  • This quiz has been taken 45,113 times
    (45,107 since last reset)
  • The average score is 22 of 40

Answers on the Map

Answers color-coded by a green-red scale on the quiz's map according to % correct below.
 

Answer Stats

City% Correct
Athens
94%
Rome
94%
Barcelona
93%
Tunis
88%
Naples
86%
Venice
84%
Alexandria
80%
Algiers
79%
Nice
78%
Marseille
77%
Tel Aviv
75%
Tripoli
75%
Gibraltar
71%
Palermo
69%
Beirut
68%
Valencia
67%
Valletta
64%
Genoa
57%
Thessaloniki
53%
Malaga
49%
Split
49%
Dubrovnik
48%
Palma
48%
Ibiza
47%
Izmir
45%
Bari
41%
Trieste
37%
Ajaccio
36%
Benghazi
34%
Cagliari
34%
Haifa
33%
Heraklion
33%
Antalya
30%
Alicante
28%
Catania
28%
Rhodes
25%
Corfu
21%
Port Said
18%
Larnaca
17%
Paphos
13%

Score Distribution

Percentile by Number Answered

Percent of People with Each Score

Your Score History

You have not taken this quiz since the last reset